William Shakespeare's Macbeth (Record no. 39171)
[ view plain ]
| 000 -LEADER | |
|---|---|
| fixed length control field | 00729nam a22002297a 4500 |
| 005 - DATE AND TIME OF LATEST TRANSACTION | |
| control field | 20160719145921.0 |
| 008 - FIXED-LENGTH DATA ELEMENTS--GENERAL INFORMATION | |
| fixed length control field | 140428b xxu||||| |||| 00| 0 eng d |
| 020 ## - ISBN | অাই এস বি এন | |
| ISBN | অাই এস বি এন | 9789380905532 |
| PRICE | 495 |
| 040 ## - CATALOGING SOURCE | |
| Original cataloging agency | Loreto College |
| 041 ## - LANGUAGE CODE | |
| Language code | English |
| 082 ## - DDC | ডিউই | |
| Classification number | বর্গসংখ্যা | 822.33ID |
| Book Number | গ্রন্থাঙ্ক | MAC-DRE |
| 245 ## - TITLE STATEMENT | অাখ্যা বিবরণী | |
| Title | অাখ্যা | William Shakespeare's Macbeth |
| Statement of responsibility | লেখকের দায়িত্বের বিবরণ | Edited with an introduction by Boris Drenkov |
| 260 ## - IMPRINT | প্রকাশনা ক্ষেত্র | |
| Place of publication | প্রকাশ স্থান | London |
| Name of publisher | প্রকাশকের নাম | ROMAN Books |
| Date of publication | প্রকাশ কাল | 2013 |
| 300 ## - PHYSICAL DESCRIPTION | | |
| Page / Vol. No | পৃষ্ঠা / খন্ড সংখ্যা | 128p |
| Other physical details | অনান্য বাহ্যিক বিবরণ | 22 cm |
| 440 ## - SERIES STATEMENT |গ্রন্থমালা | |
| Series Title | গ্রন্থমালা অাখ্যা | ROMAN Critical Contexts |
| 504 ## - BIBLIOGRAPHY, ETC. NOTE | |
| Bibliography, etc | Includes bibliographical references |
| 600 ## - SUBJECT ADDED ENTRY--PERSONAL NAME | বিষয় শিরোনাম - ব্যাক্তিনাম | |
| Personal name | ব্যাক্তিনাম | Shakespeare, William |
| Dates of Birth / Death | জন্ম / মৃত্যু সন | 1564-1616 |
| General subdivision | সাধারণ বিভাগ | criticism and interpretation |
| 650 ## - SUBJECT ADDED ENTRY--TOPICAL TERM | বিষয় শিরোনাম - মূল বিষয় | |
| Topical term | মূল বিষয় | Macbeth |
| General subdivision | সাধারণ বিভাগ | Criticism and interpretation |
| 700 ## - ADDED ENTRY--PERSONAL NAME | অতিরিক্ত সংলেখ - ব্ | |
| Relator code | দায়িত্ব নির্দেশক | ed. |
| Personal name | ব্যাক্তিনাম | Drenkov, Boris |
| 850 ## - HOLDING INSTITUTION | |
| Holding institution | LCLIB |
| Sub Holdings | Post Graduate |
| 942 ## - ADDED ENTRY ELEMENTS (KOHA) | |
| Koha item type | Books |
| Withdrawn status | Lost status | Source of classification | Damaged status | Not for loan | Home library | Current library | Shelving location | Date acquired | Price | Total Checkouts | Full call number | Accession No. | Date last seen | Date checked out | Price effective from | Koha item type |
|---|---|---|---|---|---|---|---|---|---|---|---|---|---|---|---|---|
| Dewey Decimal Classification | Loreto College | Loreto College | Post Graduate | 28/04/2014 | 495.00 | 3 | 822.33 ID MAC-DRE 50510 | 42585 | 01/01/2001 | 01/01/2001 | 28/04/2014 | Books |